Brittiläisen imperiumin suurimmat valtiot - Statistics

Yleistilastot
  • Tätä visaa on pelattu 875 kertaa
  • Keskiarvotulos 8 / 14
Vastaustilastot
% km2 Valtio % Oikein
100 10 000 000 Kanada
92%
100 3 200 000 Intia
90%
100 7 700 000 Australia
87%
25 2 400 000 Yhdysvallat
79%
100 1 200 000 Etelä-Afrikka
74%
100 1 000 000 Egypti
60%
100 890 000 Pakistan
52%
100 1 900 000 Sudan
50%
100 920 000 Nigeria
45%
100 830 000 Namibia
43%
100 950 000 Tansania
43%
100 680 000 Myanmar
30%
100 750 000 Sambia
28%
100 650 000 Afganistan
21%
Ehtoja vastaavia visoja ei löytynyt
Tulosjakauma
Jokaisen tuloksen saaneiden osuus
Persentiili vastausten määrän mukaan
Tuloshistoriasi
Et ole pelannut tätä visaa